| 000 | 00682nam a2200193 a 4500 | ||
|---|---|---|---|
| 005 | 20230208063849.0 | ||
| 008 | 991125s1987 mx 000 0 eng u | ||
| 035 | _aUPN01000018762 | ||
| 049 | _aF | ||
| 050 | 4 |
_aHV5840 M6 _bA7.3 |
|
| 100 | 1 | _aArévalo Gardoqui, Juan | |
| 245 | 1 | 3 |
_aEl ejército mexicano en la campaña contra el narcotráfico = The role of the mexican army in the campaign against drug trafficking / _cJuan Arévalo Gardoqui. |
| 260 |
_aMéxico : _bPGR, _c1987. |
||
| 300 | _a26 p. | ||
| 650 | 4 |
_aAbuso de drogas _9242 |
|
| 650 | 4 |
_aDROGAS - _xCOMERCIO _916532 |
|
| 740 | 4 | _aThe role of the mexican army in the campaign against drug trafficking | |
| 905 | _aLibro | ||
| 999 |
_c18762 _d18762 |
||